00904nam a22001817a 450000500170000000800410001702000170005805000200007524500760009525000120017126000460018330000310022950000340026050503650029470000190065970000240067870000200070220230623110525.0230622b ||||| |||| 00| 0 eng d a978007173881 aRC86.7.P752(4e) aPrinciples of critical care /c edited by Jesse B. Hall ... [ et al. ]. a4th ed. aNew York :bMcGraw-Hill Education,c2015. axxx,1361p. :bill.;c28cm. aInclude references and index. aContents: An overview of the approach to and organization of critical care -- General management of the patient -- Cardiovascular disorder -- Pulmonary disorder -- Infectious disorder -- Neurological disorder -- Hematologic and oncologic -- Renal and metabolic disorder -- Gastrointestinal disorder -- The surgical patient -- Special problems in critical care. aHall, Jess B.  aSchmidt, Gregory A. a Kress, John P.